Maximalizácia zisku verzus podnikateľská etika bakalárska práca

Salvato in:
Dettagli Bibliografici
Autore principale: Zalková, Veronika
Ente Autore: Fakulta hospodárskej informatiky EU. Katedra účtovníctva a audítorstva
Altri autori: Varinská, Katarína
Natura: Libro
Lingua:slovacco
Pubblicazione: Bratislava 2014
Tags: Aggiungi Tag
Nessun Tag, puoi essere il primo ad aggiungerne!!

MARC

LEADER 00000nbm a2200000 4500
001 0189823
005 20170201111924.4
041 0 |a slo 
044 |a SK 
245 1 0 |a Maximalizácia zisku verzus podnikateľská etika  |b bakalárska práca  |c Veronika Zalková ; školiteľ: Katarína Varinská 
264 1 |a Bratislava  |c 2014 
300 |a 35 s. 
100 1 |a Zalková, Veronika 
700 1 |a Varinská, Katarína 
710 2 |a Fakulta hospodárskej informatiky EU. Katedra účtovníctva a audítorstva